000 00230nam a22000857a 4500
008 160712b xxu||||| |||| 00| 0 eng d
100 _92680
_a Engstrom, T.W., et al
245 _aManaging Your Time
260 _aMichigan
_b Zondervan
_c1975
999 _c2330
_d2330